Hong Kong Movies by Picture - Statistics

General Stats
  • This quiz has been taken 341 times
  • The average score is 8 of 16
Answer Stats
Picture Answer % Correct
The Dark Knight
99%
Godzilla vs. Kong
94%
Deadpool 2
93%
Transformers: Age of Extinction
88%
Doctor Strange
83%
Rush Hour
69%
Johnny English Reborn
57%
Die Another Day
50%
Enter the Dragon
47%
Fast & Furious 6
29%
Tomb Raider
23%
Snowden
21%
Around the World in 80 Days
11%
Contagion
8%
Skyscraper
7%
Blackhat
5%
No matching quizzes found
Score Distribution
Percent of People with Each Score
Percentile by Number Answered
Your Score History
You have not taken this quiz